| 000 | 01182 a2200217 4500 | ||
|---|---|---|---|
| 003 | Nust | ||
| 005 | 20220812154609.0 | ||
| 010 | _a 2007039723 | ||
| 020 | _a8120313550. : alk. paper) | ||
| 040 | _cNust | ||
| 082 | 0 | 0 | _a005.133,FRI |
| 100 | 1 |
_aFriedman, Daniel P. _997033 |
|
| 245 | 1 | 0 |
_aEssentials of programming languages / _cDaniel P. Friedman, Mitchell Wand. |
| 260 |
_aCambridge, MA : _bMIT Press, _c1992 |
||
| 300 |
_axxii, 536 p. ; _c24 cm. |
||
| 505 | _aTools for Symbolic Programming (Page-1), Introduction, Recursion, and Scope (Page-31), Syntactic Abstraction and Abstraction (Page-67), Reduction Rules and Imperative Programming (Page-99), Interpreters (Page-139), Parameter Passing (Page-179), Object-Oriented Languages (Page-213), Continuation-Passing Style (Page-241), Continuation-Passing Interpreters (Page-291), Imperative Form and Stack Architecture (Page-335), Scanners and Parsers (Page-375), Compiler Derivation (Page-421). | ||
| 650 | 0 |
_aProgramming languages (Electronic computers) _93683 |
|
| 700 | 1 |
_aWand, Mitchell. _997034 |
|
| 856 | 4 | 1 |
_3Table of contents only _uhttp://www.loc.gov/catdir/toc/ecip081/2007039723.html |
| 942 |
_2ddc _cBK _k005.133,FRI |
||
| 999 |
_c179122 _d179122 |
||